| 000 | 01823nam a22005297a 4500 | ||
|---|---|---|---|
| 003 | OSt | ||
| 005 | 20230413113049.0 | ||
| 008 | 221006b |||||||| |||| 00| 0 eng d | ||
| 040 | _cBiblioteca Lado V | ||
| 082 |
_a700 _bK41a |
||
| 100 |
_9797 _aKerraoul, Jean Pierre de _eeditor _edirector |
||
| 245 | _aArtpress/ | ||
| 260 |
_bCourt Gallerie _c2001 _aParis |
||
| 300 |
_c21x28cm _a98p. |
||
| 366 | _eeng | ||
| 366 | _efre | ||
| 490 |
_v01 _v2001 _a268 _x0245 5676 |
||
| 505 | _texponerama | ||
| 505 | _tsuperfalt | ||
| 505 | _tle marche de l'art | ||
| 505 | _tDamien Hirst a l'academie Lagado | ||
| 505 | _tAnri Sala L'insomnie des images | ||
| 505 | _tles fantomes liquides de Marc Desgrandchamps | ||
| 505 | _tripostes a l'ere de l'eclipse de l'oeuvre d'art | ||
| 505 | _tSTALKER ARPENTER les devenirs | ||
| 505 | _tGianni Motti au-dela du reel | ||
| 505 | _tFrederic Pardo peintre "hors saisie" | ||
| 505 | _tart press livres | ||
| 505 | _tPhilippe Sollers eloge de l'infini | ||
| 505 | _tCatherine Millet une etrange purete | ||
| 505 | _tLoic Wacquant corps et ame | ||
| 505 | _tles livres | ||
| 505 | _tles expositions | ||
| 505 | _tla photographie | ||
| 505 | _tle cinema | ||
| 505 | _tle television | ||
| 650 |
_2Tesauro de Arte & Arquitectura _aARTE _9703 |
||
| 650 |
_2Tesauro de Arte & Arquitectura _aEXPOSICIONES |
||
| 650 |
_2Tesauro de Arte & Arquitectura _aBIENAL |
||
| 650 |
_2Tesauro de Arte & Arquitectura _aAPRECIACION |
||
| 650 |
_2Tesauro de Arte & Arquitectura _aTEORIA |
||
| 650 |
_2Tesauro de Arte & Arquitectura _aCRITICA |
||
| 650 |
_2Tesauro de Arte & Arquitectura _aFOTOGRAFIA _9702 |
||
| 650 |
_2Tesauro de Arte & Arquitectura _aLITERATURA |
||
| 650 |
_2Tesauro de Arte & Arquitectura _aPARIS |
||
| 942 |
_2ddc _c1 _h700 _iK41a _n0 |
||
| 999 |
_c3362 _d3362 |
||